000 01217nam a22003497a 4500
003 CHAP
005 20220817043055.0
008 971010s1972 r 00010 d
010 _a64730
011 _a65702
035 _a72984
040 _cCHAP
090 _aTesis
100 0 0 _aRamos Rodríguez, Alberto.
_994485
245 _aDescripción de la variación morfológica de los maíces de la parte oriental del Estado de México y la central del estado de Puebla
260 _aMéxico :
_bEl autor,
_c1972
300 _a92 h.
_b: ilus.
502 _aTesis (Biológo) -- UNAM. Facultad de Ciencias. Departamento de Biología
590 _aALEPH
_b10
_c20130110
_lUCH01
_h1353
590 _aBATCH-UPD
_b10
_c20130110
_lUCH01
_h0605
590 _aBATCH-UPD
_b10
_c20130410
_lUCH01
_h0247
590 _aBATCH-UPD
_b10
_c20130914
_lUCH01
_h1754
590 _aCONVERSION
_b10
_c20130109
_lUCH01
_h1335
650 1 4 _aMaíz
_xFisiología y morfología.
_970958
650 1 4 _aMaíz
_zMéxico (Edo.).
_971099
650 1 4 _aMaíz
_zPuebla.
901 _aBK
942 _cFOLL
949 _bBC
_cTES
_d-149662
_eTS1
_i72984
_si
949 _bBC
_cTES
_d-149663
_eTS2
_fc.2
_i72984
_si
949 _bCR
_cTESBD
_d-5738
_eTS1
_h34
_i72984
_si
999 _c64730
_d64730